| 000 | 00659nam a2200181Ia 4500 | ||
|---|---|---|---|
| 008 | 151202s9999||||xx |||||||||||||| ||und|| | ||
| 082 | _bPNVM-73067 | ||
| 100 | _aसाळुंखे आ.ह. | ||
| 245 | _aआस्तिकशिरोमणी चार्वाक. | ||
| 260 | _b"लोकायत प्रकाशन,सातारा." | ||
| 260 | _c73067 | ||
| 300 | _a160 | ||
| 600 | _aसाळुंखे आ.ह. | ||
| 630 | _aआस्तिकशिरोमणी चार्वाक. | ||
| 700 | _aसाळुंखे आ.ह. | ||
| 730 | _aआस्तिकशिरोमणी चार्वाक. | ||
| 942 | _cBOOK | ||
| 999 |
_c1339732 _d1339729 |
||